Normal view MARC view
  • Guyau, Jean-Marie,

Entry Nombre Personal

Number of records used in: 4

001 - NUMERO DE CONTROL

  • campo de control: 30493

003 - IDENTIFICADOR DE NUMERO DE CONTROL

  • campo de control: DLC

005 - FECHA Y HORA DE LA ÜLTIMA TRANSACCIÓN

  • campo de control: 20240911095238.0

008 - DATOS DE LONGITUD FIJA

  • campo de control de longitud fija: 860319n| azannaabn |a aaa c

010 ## - NÚMERO DE CONTROL DE LA BIBLIOTECA DEL CONGRESO

  • Número de control LC: n 85132451

035 ## - NUMERO DE CONTROL

  • Número de control: (OCoLC)oca01535795

040 ## - FUENTE DE CATALOGACIÓN

  • Agencia original de catalogación: IU
  • Lenguaje de catalogación: spa
  • Description conventions: rda
  • Agencia de transcripción: DLC
  • Agencia que lo modifica: DLC
  • Agencia que lo modifica: DLC-R
  • Agencia que lo modifica: DLC
  • Agencia que lo modifica: PU
  • Agencia que lo modifica: IEN
  • Agencia que lo modifica: MX-MxUPN

046 ## - FECHAS CON CODIFICACIÓN ESPECIAL

  • Fecha de nacimiento: 18541028
  • Fecha de muerte: 18880331

100 1# - ENCABEZAMIENTO - NOMBRE PERSONAL

  • Nombre personal: Guyau, Jean-Marie,
  • Fechas asociadas con el nombre: 1854-1888

370 ## - LUGAR ASOCIADO

  • Place of birth: Laval (Mayenne, Francia)
  • Place of death: Menton (Francia)

374 ## - OCUPACIÓN

  • Occupation: Filósofo
  • Occupation: Poeta

377 ## - LENGUA ASOCIADA

  • Language code: fre

400 1# - VEÁSE - NOMBRE DE PERSONA

  • Personal name: Guyau,
  • Titles and other words associated with a name: M.
  • Fuller form of name: (Jean-Marie),
  • Dates associated with a name: 1854-1888

670 ## - FUENTE EN LA QUE SE LOCALIZARON DATOS

  • Cita de la fuente: His Iskusstvo s tochki zri︠e︡nīi︠a︡ sot︠s︡iologīi, 1891:
  • Información localizada: t.p. (M. Gi︠u︡ĭo)

670 ## - FUENTE EN LA QUE SE LOCALIZARON DATOS

  • Cita de la fuente: LC in OCLC, 2-17-86
  • Información localizada: (hdg.: Guyau, Jean Marie, 1854-1888; usage: M. Guyau)

670 ## - FUENTE EN LA QUE SE LOCALIZARON DATOS

  • Cita de la fuente: Bib. nat.
  • Información localizada: (Guyau, Jean-Marie; usage: M. Guyau)

670 ## - FUENTE EN LA QUE SE LOCALIZARON DATOS

  • Cita de la fuente: His Shakaigakujō yori mitaru geijutsu, 1930-1931:
  • Información localizada: v. 1, t.p. (Gyuiyō) pref. (Jan-Marī Gyuiyō)

670 ## - FUENTE EN LA QUE SE LOCALIZARON DATOS

  • Cita de la fuente: Wikipedia WWW site, January 15, 2015
  • Información localizada: (Jean-Marie Guyau; born October 28, 1854 in Laval, Mayenne; died March 31, 1888 in Menton; French philosopher and poet)

670 ## - FUENTE EN LA QUE SE LOCALIZARON DATOS

  • Cita de la fuente: El primer año de lectura corriente : moral, conocimientos usuales, deberes cívicos, 1915:
  • Información localizada: portada (M. Guyau)

902 ## - CATALOGADOR

  • Catalogador: Víctor Ruiz/110924